<?xml version="1.0" encoding="UTF-8"?><?xml-stylesheet type="text/xsl" href="static/style.xsl"?><OAI-PMH xmlns="http://www.openarchives.org/OAI/2.0/" xmlns:xsi="http://www.w3.org/2001/XMLSchema-instance" xsi:schemaLocation="http://www.openarchives.org/OAI/2.0/ http://www.openarchives.org/OAI/2.0/OAI-PMH.xsd"><responseDate>2026-04-14T16:17:32Z</responseDate><request verb="GetRecord" identifier="oai:uvadoc.uva.es:10324/41449" metadataPrefix="marc">https://uvadoc.uva.es/oai/request</request><GetRecord><record><header><identifier>oai:uvadoc.uva.es:10324/41449</identifier><datestamp>2021-06-30T03:06:25Z</datestamp><setSpec>com_10324_38</setSpec><setSpec>col_10324_852</setSpec></header><metadata><record xmlns="http://www.loc.gov/MARC21/slim" xmlns:doc="http://www.lyncode.com/xoai" xmlns:xsi="http://www.w3.org/2001/XMLSchema-instance" xmlns:dcterms="http://purl.org/dc/terms/" xsi:schemaLocation="http://www.loc.gov/MARC21/slim http://www.loc.gov/standards/marcxml/schema/MARC21slim.xsd">
<leader>00925njm 22002777a 4500</leader>
<datafield tag="042" ind1=" " ind2=" ">
<subfield code="a">dc</subfield>
</datafield>
<datafield tag="720" ind1=" " ind2=" ">
<subfield code="a">Cantó Cantó, Lara</subfield>
<subfield code="e">author</subfield>
</datafield>
<datafield tag="260" ind1=" " ind2=" ">
<subfield code="c">2020</subfield>
</datafield>
<datafield tag="520" ind1=" " ind2=" ">
<subfield code="a">En base a nuestra experiencia docente, y pese a que la interculturalidad es un concepto&#xd;
importante para el desarrollo social de las personas, se trata de un aspecto muy poco&#xd;
desarrollado e implantado en día a día de la realidad escolar; ya sea por la falta de&#xd;
tiempo en el horario o por los escasos medios a los que los docentes pueden acceder&#xd;
para desarrollarlos. Por ello, a través del presente trabajo, se busca diseñar una&#xd;
propuesta didáctica innovadora en forma de proyecto, saliendo de las unidades de&#xd;
programación ordinarias para desarrollar otra estrategia metodológica (ABP) que&#xd;
favorezca en el alumnado una mayor implicación, participación y motivación,&#xd;
aprovechando las ventajas de la educación musical. Se considera imprescindible innovar&#xd;
en el aula de Educación Primaria, aplicando nuevas metodologías que favorezcan la&#xd;
implicación más activa del alumnado (como es el caso del ABP) y desarrollando un&#xd;
modelo de escuela más abierta y tolerante.</subfield>
</datafield>
<datafield tag="024" ind2=" " ind1="8">
<subfield code="a">http://uvadoc.uva.es/handle/10324/41449</subfield>
</datafield>
<datafield tag="245" ind1="0" ind2="0">
<subfield code="a">Diseño de un proyecto para alumnos de segundo curso de educación primaria a través de juegos musicales para desarrollar la interculturalidad</subfield>
</datafield>
</record></metadata></record></GetRecord></OAI-PMH>